000 01019nam a22002537a 4500
005 20240530110449.0
008 150503s2011 ua a g b 000 0 ara d
017 _a2010/23606
_bمصر . دار الكتب المصرية
040 _aEG-CaGPL
082 0 4 _221
_a023.9\
_bأ إ
100 0 _aامنية خير توفيق .
245 1 0 _aادارة الموارد البشرية بالمكتبات و كفاءة الاداء التنظيمى /
_cامنية خير توفيق .
250 _aط1.
260 _aالقاهرة :
_bدار الثقافة العلمية ،
_c2011.
300 _a296 ص ؛
_c24 سم .
504 _aببليوجرافية : ص 285 - 296
650 0 4 _aالمكتبات
_xتنظيم وادارة
650 0 4 _aالمكتبيون
_xطرق اختيار
650 0 4 _aالمكتبيون
_xمؤهلات
650 0 4 _aالمكتبات
_xالهيكل الادارى
650 0 4 _aالمكتبات
_xتقييم ذاتى
942 _2ddc
_cBK
999 _c61206
_d61206